Bytový dom
Uložené v:
| Hlavný autor: | |
|---|---|
| Ďalší autori: | |
| Médium: | Rukopis Kniha |
| Jazyk: | Slovak |
| Vydavateľské údaje: |
2017
|
| Predmet: | |
| On-line prístup: | http://is.stuba.sk/zp/portal_zp.pl?podrobnosti=124211 https://opac.crzp.sk/?fn=detailBiblioForm&sid=F197D1152A04E678C999F00FDA7A |
| Tagy: |
Žiadne tagy, Buďte prvý, kto otaguje tento záznam!
|
MARC
| LEADER | 00000ntm a22000003a 4500 | ||
|---|---|---|---|
| 001 | stuzp56708 | ||
| 003 | SK-STU | ||
| 005 | 20230616115247.1 | ||
| 007 | ta | ||
| 008 | 150427s2015----xo-----f-mn---000-0-slo-d | ||
| 040 | |a STU |b slo | ||
| 041 | 0 | |a slo | |
| 100 | 1 | |a Franek, Lukáš |u 010180 |4 aut |U SvF Stavebná fakulta |T SvF Katedra konštrukcií pozemných stavieb |X 41921 |U V180 |Y 18 |7 41921 | |
| 242 | 0 | 1 | |a The block of apartments |y eng |
| 245 | 1 | 0 | |a Bytový dom |
| 260 | |c 2017 | ||
| 650 | 4 | |a bytový dom |2 slo | |
| 650 | 4 | |a realizačný projekt |2 slo | |
| 650 | 4 | |a tepelno-technické požiadavky |2 slo | |
| 650 | 4 | |a block of apartments |2 eng | |
| 650 | 4 | |a project of building implementation |2 eng | |
| 650 | 4 | |a thermo-technical requirements |2 eng | |
| 700 | 1 | |a Hanuliak, Peter |u 010180 |k Z1 |4 ths |U SvF Stavebná fakulta |T SvF Katedra konštrukcií pozemných stavieb |X 11280 |U V180 |Y 18 |7 A000011280 | |
| 856 | 4 | |u http://is.stuba.sk/zp/portal_zp.pl?podrobnosti=124211 | |
| 856 | 4 | |u https://opac.crzp.sk/?fn=detailBiblioForm&sid=F197D1152A04E678C999F00FDA7A | |